Indonesie 2000 le pari industriel et technologique

Enregistré dans:
Détails bibliographiques
Auteur principal: Francois Raillor
Format: Livre
Langue:Undetermined
Publié: Paris Comite Sud-Est Asiatique du CNPF 1988
Sujets:
Tags: Ajouter un tag
Pas de tags, Soyez le premier à ajouter un tag!
Thư viện lưu trữ: Trung tâm Học liệu Trường Đại học Cần Thơ
LEADER 00548nam a2200181Ia 4500
001 CTU_6403
008 210402s9999 xx 000 0 und d
082 |a 338.9 
082 |b R152 
100 |a Francois Raillor 
245 0 |a Indonesie 2000 le pari industriel et technologique 
245 0 |c Francois Raillor 
260 |a Paris 
260 |b Comite Sud-Est Asiatique du CNPF 
260 |c 1988 
650 |a economic development projects 
904 |i Nguyễn Quang Điền, 960820 
980 |a Trung tâm Học liệu Trường Đại học Cần Thơ